000 00751nam a22002297a 4500
003 UA-OsUOA
001 48601
007 ta
008 20130607b un ||||| |||| 00| 0 ukr d
090 _a01
_bБ67
942 _cBK
040 _aUA-OsUOA
_bukr
_cUA-OsUOA
_dUA-OsUOA
245 _aБібліографія Записок Наукового товариства імені Шевченка. Томи І-CCXL (1892-2000)
300 _a739 с.
955 _a1
041 _aukr
080 _a01
260 _aЛьвів
_c2003
650 7 _a01 Бібліографія і бібліографії. Каталоги
_2UDC
999 _c428729
_d428729